000
00341nam a2200169Ia 4500
100
_a
Narkar/ V.S.
650
_a
Chemistry
250
_a
1
942
_c
BK
654
_a
Chemistry
245
_a
Applied Chemistry I
260
_b
Nandu Pub
_a
New york
_c
1998
082
_a
540
_b
NAR
300
_a
144
546
_a
ENGLISH
999
_c
33807
_d
33807